Bellingham International Airport Destinations (Bellingham, WA, USA) - Statistics

General Stats
  • This quiz has been taken 62 times
    8 since last reset
  • The average score is 4 of 12
Answer Stats
Airline Destination % Correct
Alaska Airlines Seattle/Tacoma
100%
Alaska Airlines Portland (OR)
75%
Allegiant Air Burbank
25%
San Juan Airlines Eastsound
25%
San Juan Airlines Friday Harbor
25%
Allegiant Air Las Vegas
25%
San Juan Airlines Lopez
25%
Allegiant Air Oakland
25%
Allegiant Air Phoenix/Mesa
25%
San Juan Airlines Blakely Island
0%
Allegiant Air Palm Springs
0%
San Juan Airlines Roche Harbor
0%
No matching quizzes found
Score Distribution
Percent of People with Each Score
Percentile by Number Answered
Your Score History
You have not taken this quiz since the last reset